A szocialista kereskedelem szervezési alapelvei és a ROH feladata annak kiépítésénél

Bibliographic Details
Main Author: Marček, Ján (Author)
Other Authors: Hideghéty, Jolán (Translator)
Format: Book
Language:Hungarian
Slovak
PhysicalDescription:126, [2] s. V. 8°
Published: Bratislava Práca 1953
Series:Szakszervezeti tagok könyvtára
Subjects:

MARC

LEADER 00000nam a2200000 a 4500
001 vtls008384382
003 SK-MaSNL
005 20260301205016.0
008 251029s1953 xo hun
015 |a SKSNBA19451955-007160 
035 |a SK01SNKBKSFS20020076599 
035 |a SKM000079062 
040 |a SNK  |b slo  |c SNK  |e AACR2 
041 1 |a hun  |h slo 
044 |a xo  |c SK 
080 |a 658.6/.8  |2 1981 
080 |a 331.88  |2 1981 
100 1 |a Marček, Ján  |4 aut  |9 280192 
245 1 0 |a A szocialista kereskedelem szervezési alapelvei és a ROH feladata annak kiépítésénél  |c Ján Marček ; [szlovákból] (ford. Hideghéty Jolán) 
260 |a Bratislava  |b Práca  |c 1953  |e Bratislava  |f Graf. tlač. 
300 |a 126, [2] s.  |c V. 8° 
490 0 |a Szakszervezeti tagok könyvtára  |v 24. köt. 
563 |a 2.700 výtlač. 
650 0 7 |a úlohy  |2 SNKPH  |9 3885 
650 0 7 |a odbory  |2 SNKPH  |9 2328 
650 0 7 |a socialistický obchod  |2 SNK  |9 309150 
655 7 |a knihy  |2 SNKPH  |9 307098 
700 1 |a Hideghéty, Jolán  |4 trl  |9 590518 
830 0 |a Szakszervezeti tagok könyvtára  |9 290725 
852 |a Slovenská národná knižnica v Martine  |b 10000  |h MS SD 8106/24/1953 
958 |a OND 
958 |a RK 
958 |a TL 
999 |c 908596  |d 910526 
952 |a SNK  |b SNK  |y VYP  |7 0  |p 17A0888857  |o snkSD 8106/24/1953 D1  |i snkI. 724/54  |0 0  |1 0  |4 0  |d 2012-06-05  |l 0  |r 2026-02-24 07:36:34  |w 2026-02-24